W jakim to języku? - Statystyki

Ogólne statystyki
  • Ten quiz został rozwiązany 374 razy
  • Średni wynik to 7 z 13
Statystyki odpowiedzi
Słowa Język % Poprawnych
Bonjour francuski
98%
Dzień Dobry polski
98%
Guten Morgen niemiecki
95%
Dobré ráno czeski
89%
Buongiorno włoski
89%
Goedemorgen holenderski | niderlandzki
49%
Bom Dia portugalski
41%
God morgen duński
37%
Góðan daginn islandzki
36%
Labas rytas litewski
27%
Bon dia kataloński
14%
Miremengjes albański
10%
Bongu maltański
5%
Nie znaleziono quizów pasujących do podanych kryteriów
Rozkład punktacji
Procent ludzi z każdym wynikiem
Percentyl według liczby udzielonych odpowiedzi
Twoja historia wyników
Nie rozwiązałeś tego quizu